Principles of Electrical Engineering & Electronics (Record no. 1415)

MARC details
000 -LEADER
fixed length control field 00408nam a2200157Ia 4500
008 - FIXED-LENGTH DATA ELEMENTS--GENERAL INFORMATION
fixed length control field 221030s9999 xx 000 0 und d
020 ## - INTERNATIONAL STANDARD BOOK NUMBER
ISBN 8121910536
041 ## - LANGUAGE CODE
Language code of text/sound track or separate title
082 ## - DEWEY DECIMAL CLASSIFICATION NUMBER
Classification number 105.23
Item number Meh
100 ## - MAIN ENTRY--AUTHOR NAME
Personal name V. K. Mehta
245 #0 - TITLE STATEMENT
Title Principles of Electrical Engineering & Electronics
Statement of responsibility, etc by V. K. Mehta
260 ## - PUBLICATION, DISTRIBUTION, ETC. (IMPRINT)
Name of publisher S. Chand & Co.
Place of publication New Delhi
Year of publication 2001
300 ## - PHYSICAL DESCRIPTION
Number of Pages 721
650 ## - SUBJECT ADDED ENTRY--TOPICAL TERM
Topical Term ECE & EE
942 ## - ADDED ENTRY ELEMENTS (KOHA)
Koha item type Books
Holdings
Accession Number Cost, normal purchase price Full call number Price effective from Koha item type Withdrawn / writtenoff status Materials specified (bound volume or other part) Damaged status Not for loan Permanent Location Current Location Shelving location Date acquired Lost/ Missing status department
BE 4937 190.00 105.23 Meh 10/30/2022 Books   Print     MIET Library, Jammu MIET Library, Jammu BL-Academic Block A, FL-1, CUP-30, SH-4, R-4 05/17/2002   BE
BE 4936 190.00 105.23 Meh 10/30/2022 Books   Print     MIET Library, Jammu MIET Library, Jammu BL-Academic Block A, FL-1, CUP-30, SH-4, R-4 05/17/2002   BE
BE 4933 190.00 105.23 Meh 10/30/2022 Books   Print     MIET Library, Jammu MIET Library, Jammu BL-Academic Block A, FL-1, CUP-30, SH-4, R-4 05/17/2002   BE
BE 4934 190.00 105.23 Meh 10/30/2022 Books   Print     MIET Library, Jammu MIET Library, Jammu BL-Academic Block B, FL-1, CUP-31, SH-6, R-6 05/17/2002   BE
BE 4935 190.00 105.23 Meh 10/30/2022 Books   Print     MIET Library, Jammu MIET Library, Jammu BL-, FL-, CUP-0, SH-0, R-0 05/17/2002   BE